00586 2200181 4500001002100000005001500021035002000036245013200056100002300188300004300211260004400254082001100298084001700309020001800326650002000344990002000364990002000384INLIS00000000003566620240604080904 a0010-06240000241 aAdobe Photoshop Komplet (Update Version) :bPembahasan Lengkap tentang Photoshop untuk berbagai keperluan /cJubilee Enterprise0 aJubilee Enterprise avi + 339 halaman :bIlustrasi ;c21 cm aJakarta :bElex Media Komputindo,c2023 a006.66 a006.66 JUB a a9786230034589 4aAdobe Photoshop a56352/APBD/2024 a56353/APBD/2024